000 00611nam a2200193 i 4500
001 33715
003 ES-MaACL
005 20240228185849.0
007 t|
008 030203s1973 sp ||||1| spa d
100 1 _aBialostocki, Jan.
_928738
245 1 0 _aEstilo e Iconografia
_b: contribución a una ciencia de las artes /
_cJan Bialostocki ; [traducción de José M. Pomares].
250 _a[1ª ed.].
260 _aBarcelona :
_bBarral,
_c1973.
300 _a226 p., 12 lám. ;
_c24 cm.
700 0 _aPomares, José M.,
_d1943-
_992903
852 _aES-MaACL
_jC-55943
_bR.88539
999 _c33715
_d33715